Приказки подаръци (Запис номер 440219)
[ съкратено ]
| 000 -Лидер | |
|---|---|
| Контролно поле с фиксирана дължина | 01060nam a2200301 a 4500 |
| 003 - Код на организацията, давaща контролен номер | |
| Контролно поле | BLK |
| 005 - Дата и час на последна редакция | |
| Контролно поле | 20250517102130.0 |
| 008 - Елементи от данни с фиксирана дължина | |
| fixed length control field | 211215b bul|||||r ||||||| ||bul|| |
| 020 ## - Международен стандартен номер на книга ISBN | |
| Международен стандартен номер на книга ISBN | 9786191517411 |
| 040 ## - Източник на каталожния запис | |
| Идентификатор на билиотеката - собственик на записа | BLK |
| 041 ## - Код за език | |
| Код за езика на текст/звукозапис или на отделно заглавие | Български |
| Код за езика КДБФ | Български |
| 080 ## - УДК | |
| Текстов определител УДК | Българска литература |
| УДК код - определител по УДК | 821.163.2 |
| УДК определител | -93-34 |
| УДК - код + определител | 821.163.2-93-34 |
| 139 ## - Редно поле | |
| Редна дума | Приказки подаръци |
| Авторски знак | Прил - П 88 |
| 245 10 - Сведения за заглавието | |
| Заглавие | Приказки подаръци |
| Редно поле (дума) | състав. Димитър Риков; ил. Стелияна Донева. |
| 257 ## - Страна на издаване | |
| Страна на създаване/издаване | България |
| 260 ## - Област на издателските данни | |
| Място на издаване, разпространение и проч. | София |
| Име на издателя, разпространителя и проч. | СофтПрес |
| Година на издаване | 2021 |
| 300 ## - Физическа характеристика | |
| Страници | 248 с. |
| Илюстрации и др. | с цв. ил. |
| Размери/Мащаб | 28 см |
| 380 ## - Жанр | |
| Жанр | Детска худож. лит. |
| 653 ## - Ключова дума – ненормативна | |
| Ключова дума | приказки |
| 653 ## - Ключова дума – ненормативна | |
| Ключова дума | литература за деца |
| 653 ## - Ключова дума – ненормативна | |
| Ключова дума | детска литература |
| 700 ## - Други автори (авторска отговорност) | |
| Лично име | Риков, Димитър |
| Автороска отговорност (Описва отношението между автора и произведението) | състав. |
| 9 (RLIN) | 1478 |
| 700 ## - Други автори (авторска отговорност) | |
| Лично име | Донева, Стелияна Христова |
| Автороска отговорност (Описва отношението между автора и произведението) | ил. |
| 9 (RLIN) | 389476 |
| 856 4# - Електронен адрес и достъп | |
| Електронен формат | pdf - файл |
| 856 4# - Електронен адрес и достъп | |
| Електронен формат | pdf - файл |
| 999 ## - СИСТЕМНИ КОНТРОЛНИ НОМЕРА | |
| Koha biblionumber | 440219 |
| Koha biblioitemnumber | 440219 |
| 942 ## - АРТИКУЛИ | |
| Вид на библиотечния материал | Книги |
| Скрит в OPAC | Не |
| Периодичен библиозапис | Да |
| Koha issues (borrowed), all copies | 16 |
| 944 ## - СЪЗДАВАНЕ И РЕДАКЦИЯ на ЗАПИСА | |
| Създаване/Редакция | Създаване |
| Дата на регистрацията/редакция | 2021-12-15 |
| Служител, извършил регистрацията/редакцията | 30550 |
| Статус, дата на статуса | Кети Илиева |
| Код за отписване | Код за изгубен артикул | Източник на класификационната схема | Код за повреда | Коз за рестрикции | Код за отдаване | Артикулен № | Име на библиотеката - собственик | Име на библиотеката, в която се намира в момента | Статус (Текущо местоположение) | Дата на вписване в системата | Местоположение - отдел | Цена в лева | Систематично азбучна сигнатура | Баркод | Цена в евро | Служебен тип на артикула |
|---|---|---|---|---|---|---|---|---|---|---|---|---|---|---|---|---|
| Не е изгубен | Universal Decimal Classification | Не е повреден | без рестрикции | заемане за дома | 865388 | Регионална библиотека "Любен Каравелов" Русе | Регионална библиотека "Любен Каравелов" Русе | Детски отдел | 2021-12-16 | Детски отдел | 11.99 | 821.163.2-93/П 88 | 120000863363 | 6.13 | Книги | |
| Не е изгубен | Universal Decimal Classification | Не е повреден | без рестрикции | заемане за дома | 865389 | Регионална библиотека "Любен Каравелов" Русе | Регионална библиотека "Любен Каравелов" Русе | Детски отдел | 2021-12-16 | Детски отдел | 11.99 | 821.163.2-93/П 88 | 120000863364 | 6.13 | Книги | |
| Не е изгубен | Universal Decimal Classification | Не е повреден | без рестрикции | заемане за дома | 872737 | Регионална библиотека "Любен Каравелов" Русе | Регионална библиотека "Любен Каравелов" Русе | Детски отдел | 2022-02-21 | Детски отдел | 15.99 | 821.163.2-93/П 88 | 120000866251 | 8.18 | Книги | |
| Не е изгубен | Universal Decimal Classification | Не е повреден | без рестрикции | заемане за дома | 872738 | Регионална библиотека "Любен Каравелов" Русе | Регионална библиотека "Любен Каравелов" Русе | Детски отдел | 2022-02-21 | Детски отдел | 15.99 | 821.163.2-93/П 88 | 120000866250 | 8.18 | Книги | |
| Не е изгубен | Universal Decimal Classification | Не е повреден | само за читалня | ползва се в читалня | 901713 | Регионална библиотека "Любен Каравелов" Русе | Регионална библиотека "Любен Каравелов" Русе | Хранилище | 2022-08-24 | Хранилище | 15.99 | Цб 313237 | 120000874815 | 8.18 | Книги |